Проблемы конструирования идентичности россиян в дискурсе СМИ под влиянием концепта "информационная война" (Запись № 11009982)

Подробности
000 -МАРКЕР
контрольное поле 02818nam0a2200385 4500
001 - ИДЕНТИФИКАТОР ЗАПИСИ
контрольное поле RU\NLR\BIBL_A\011626327
005 - ИДЕНТИФИКАТОР ВЕРСИИ
контрольное поле 20260408083534.0
010 ## - МЕЖДУНАРОДНЫЙ СТАНДАРТНЫЙ НОМЕР КНИГИ (ISBN)
Номер (ISBN) 978-5-7584-0236-8
035 ## - ДРУГИЕ СИСТЕМНЫЕ НОМЕРА
Идентификатор записи (NLR Aleph) 011626327
100 ## - ДАННЫЕ ОБЩЕЙ ОБРАБОТКИ
Данные общей обработки 20180212d2017 |||y0rusy50 ca
101 0# - ЯЗЫК РЕСУРСА
Язык текста, звукозаписи и т.д. русский
Язык резюме английский
102 ## - СТРАНА ПУБЛИКАЦИИ ИЛИ ПРОИЗВОДСТВА
Страна публикации российская федерация
105 ## - ПОЛЕ КОДИРОВАННЫХ ДАННЫХ: ТЕКСТОВЫЕ МАТЕРИАЛЫ, МОНОГРАФИЧЕСКИЕ
Кодированные данные о монографическом текстовом документе a|||z|||000zy
200 1# - ЗАГЛАВИЕ И СВЕДЕНИЯ ОБ ОТВЕТСТВЕННОСТИ
Основное заглавие Проблемы конструирования идентичности россиян в дискурсе СМИ под влиянием концепта "информационная война"
Параллельное заглавие Problems of russian people identity construction in mass media discource influenced by the "information warfare" concept
Сведения, относящиеся к заглавию [монография
Первые сведения об ответственности Асташова Ольга Игоревна, Булатова Элина Валерьевна, Енина Лидия Владимировна, кандидаты филологических наук, доценты и др.
Последующие сведения об ответственности редколлегия: Э.В. Чепкина, доктор филологических наук, профессор (ответственный редактор) и др.]
-- Министерство образования и науки Российской Федерации, Уральский федеральный университет имени первого Президента России Б.Н. Ельцина
Язык параллельного заглавия английский
210 ## - ПУБЛИКАЦИЯ, РАСПРОСТРАНЕНИЕ И ДР.
Место издания, распространения и т.д. Москва
-- Екатеринбург
Имя издателя, распространителя и т. д. Кабинетный ученый
Дата издания, распространения и т.д. 2017
215 ## - ФИЗИЧЕСКАЯ ХАРАКТЕРИСТИКА
Специфическое обозначение материала и объем 190, [4] с.
Другие сведения о физической характеристике ил., табл.
Размеры 21
300 ## - ОБЩИЕ ПРИМЕЧАНИЯ
Текст примечания Авт. указаны в конце кн.
300 ## - ОБЩИЕ ПРИМЕЧАНИЯ
Текст примечания Рез. англ.
320 ## - ПРИМЕЧАНИЯ О НАЛИЧИИ В ДОКУМЕНТЕ БИБЛИОГРАФИИ / УКАЗАТЕЛЯ
Текст примечания Библиогр.: с. 182-190
510 1# - ПАРАЛЛЕЛЬНОЕ ЗАГЛАВИЕ
Параллельное заглавие Problems of russian people identity construction in mass media discource influenced by the "information warfare" concept
Язык заглавия английский
606 1# - НАИМЕНОВАНИЕ ТЕМЫ КАК ПРЕДМЕТ
Наименование темы Национальная идентичность
Географический подзаголовок Российская Федерация
Системный номер авторитетной/нормативной записи 2393525
Идентификатор авторитетной/нормативной записи RU\NLR\AUTH\661427200
606 1# - НАИМЕНОВАНИЕ ТЕМЫ КАК ПРЕДМЕТ
Наименование темы Русский язык
Тематический подзаголовок Медиадискурс
Системный номер авторитетной/нормативной записи 2253911
Идентификатор авторитетной/нормативной записи RU\NLR\AUTH\6601582163
686 1# - ИНДЕКСЫ ДРУГИХ КЛАССИФИКАЦИЙ
Индекс Т3(2)74-72
686 1# - ИНДЕКСЫ ДРУГИХ КЛАССИФИКАЦИЙ
Индекс Ш141.12-70
701 #1 - ИМЯ ЛИЦА - АЛЬТЕРНАТИВНАЯ ОТВЕТСТВЕННОСТЬ
Начальный элемент ввода Асташова
Часть имени, кроме начального элемента ввода О. И.
Расширение инициалов личного имени Ольга Игоревна
701 #1 - ИМЯ ЛИЦА - АЛЬТЕРНАТИВНАЯ ОТВЕТСТВЕННОСТЬ
Начальный элемент ввода Булатова
Часть имени, кроме начального элемента ввода Э. В.
Расширение инициалов личного имени Элина Валерьевна
701 #1 - ИМЯ ЛИЦА - АЛЬТЕРНАТИВНАЯ ОТВЕТСТВЕННОСТЬ
Графика поля Кириллица
Материалы, к которым относится поле rus
Начальный элемент ввода Енина
Часть имени, кроме начального элемента ввода Л. В.
Расширение инициалов личного имени Лидия Владимировна
Системный номер авторитетной/нормативной записи 248120
Идентификатор авторитетной/нормативной записи RU\NLR\AUTH\770248176
702 #1 - ИМЯ ЛИЦА - ВТОРИЧНАЯ ОТВЕТСТВЕННОСТЬ
Начальный элемент ввода Чепкина
Часть имени, кроме начального элемента ввода Э. В.
Расширение инициалов личного имени Элина Владимировна
Код отношения Редактор
712 02 - НАИМЕНОВАНИЕ ОРГАНИЗАЦИИ - ВТОРИЧНАЯ ОТВЕТСТВЕННОСТЬ
Код отношения Прочие
Начальный элемент ввода Уральский федеральный университет им. первого Президента России Б. Н. Ельцина
Идентифицирующий признак Екатеринбург
Идентификатор авторитетной/нормативной записи RU\NLR\AUTH\8810168127
Системный номер авторитетной/нормативной записи 832088
942 ## - ДОПОЛНИТЕЛЬНЫЕ ЭЛЕМЕНТЫ ЗАПИСИ (АБИС)
Тип экземпляра АБИС Книга
980 ## - КОЛЛЕКЦИЯ
Название коллекции Национальная библиография
Экземпляры
Тип экземпляра Дата поступления Источник поступления Стоимость Библиотека постоянного хранения Библиотека текущего хранения Место хранения Шифр хранения Штрих-код Статус не для выдачи
Книга 12.02.2018 Покупка 480.00 РНБ (Московский) РНБ (Московский) Русский книжный фонд: издания с 1957 года, 3этаж Хран 2018-3/24049 1-2381254  
Книга 13.09.2018   0.00 РНБ (Московский) РНБ (Московский) Залы гуманитарной литературы   ERR-123653  
Книга 13.09.2018   0.00 РНБ (Садовая) РНБ (Садовая) Универсальный читальный зал   ERR-123652